00314nam a2200121 a 4500008004100000050001600041100001900057245002400076246003800100260002800138300001700166350000900183120416s1948 ||||||||||||||||| || u aNA 7469 Bei aBeiers, George10aHouses of Australia aa survey of domestic architecture aSydneybUre Smithc1948 a112p. : ill. a0.00